000 00349nam a2200145Ia 4500
008 230718s9999 xx 000 0 und d
041 _aEng.
082 _a34505
_bSED-C
100 _aSeddiquia Falshw-ud-din
245 0 _aCode of criminal Proceed
260 _aPakistan
_bLaw Bode Publisher
_c2003
300 _a812
650 _aLaw
999 _c28338
_d28338